000 00713cab a2200229 4500
001 WB3306-28
008 090401t1997 xxu||||| |||| 00| 0 eng d
035 _a(Sirsi) u43952
041 _aeng
245 _aInternet service
260 _c1997
350 _a0
490 _aIndependent
_v7 February 1997, 20(1)
520 _aSainsbury`s is to increase its home shopping service this Spring and to launch a full Internet grocery service in late 1997.
650 _aHOME SHOPPING
650 _aINTERNET SERVICES
650 _aSAINSBURYS
690 _aPROPERTY-COMMERCIAL PROPERTY-RETAIL PROPERTY
690 _aMANAGEMENT-BUSINESS MANAGEMENT-INFORMATION MANAGEMENT
942 _n0
948 _c04/03/1997
999 _c28019
_d28019